01357nab a22002537a 4500999001500000003000400015005001700019008004100036040000700077100004600084245010000130260007300230300001500303500007200318505030900390505008900699650003500788650002800823650003200851650003700883650003100920773013900951942001301090 c5686d5686OSt20251227000504.0190603e xxum|||| |||| 00| 0 spa d cPJ 92457aCabanellas de las Cuevas, Guillermo13aEl institucionalismo y su progenie. Antinomias del derecho societario /cGuillermo Cabanellas.  cCiudad Autónoma de Buenos Aires :aThomson Reuters La Ley, b2025. ap. 217-227 aCita: TR LALEY AR/DOC/1754/2025 Publicado en: RCCyC 2025 (agosto). aSumario: I. Introducción. Institucionalismo y autonomía de la voluntad.— II. Apoteosis societaria de la autonomía de la voluntad.— III. La teoría societaria institucionalista en su versión clásica.— IV. Las manifestaciones actuales del institucionalismo societario.— V. Conclusiones.  t¿Te interesa el texto completo? Solicitalo al correo: koha@justierradelfuego.gov.ar 091497aCODIGO CIVIL Y COMERCIAL 091602aDERECHO COMERCIAL 09646aSOCIEDADES COMERCIALES 093474aAUTONOMÍA DE LA VOLUNTAD 092625aPERSONAS JURÍDICAS0 0271393170dCiudad Autónoma de Buenos Aires : Thomson Reuters La Ley, 2015-tRevista Código Civil y Comercial. Nº 4 - Agosto 2025 2udccANA